|
|
|
|
| LEADER |
00000nam a2200000 a 4500 |
| 001 |
vtls001301475 |
| 003 |
SK-MaSNL |
| 005 |
20260224105808.0 |
| 008 |
141106s1931 xx 0 und |
| 035 |
|
|
|a SNK000253495
|
| 040 |
|
|
|a SNK
|b slo
|c SNK
|e AACR2
|
| 245 |
1 |
|
|a Zahraniční obchod republiky Československé v roce 1930
|
| 260 |
|
|
|a Praha
|b SÚS
|c 1931
|
| 300 |
|
|
|a 367 s.
|
| 999 |
|
|
|c 973701
|d 975631
|
| 952 |
|
|
|t P60, <04>, [BOOK], {604}
|a SNK
|b SNK
|y VYP
|7 0
|p 17A0093824
|o snkSB 528/3/19 D1
|0 0
|1 0
|4 0
|d 1997-09-08
|l 0
|r 2005-01-02 00:00:00
|w 2026-02-24
|
| 952 |
|
|
|a SNK
|b SNK
|y PREZ
|7 0
|p 17A0737953
|o snkSB 528/3/19
|0 0
|1 0
|4 0
|d 2011-11-02
|l 0
|r 2025-01-31 00:00:00
|w 2026-02-24
|